| 000 | 00466nam a2200193Ia 4500 | ||
|---|---|---|---|
| 008 | 180523s9999 xx 000 0 und d | ||
| 020 | _a81-261-2079-7 | ||
| 050 | _aMAIN HB 172 | ||
| 050 | _b.K86 2004 c.1 | ||
| 100 | _aKumar, Shashi R. | ||
| 245 | 0 | _aMicro economics / | |
| 245 | 0 | _cR. Shashi Kumar. | |
| 260 | _aNew Delhi : | ||
| 260 | _bAnmol Publications, | ||
| 260 | _c2004 | ||
| 300 | _a266 pages : | ||
| 300 | _c22 cm. | ||
| 650 | _aMicroeconomics. | ||
| 999 |
_c356775 _d356775 |
||